A tudathasadásos kisvállalkozó

A kisvállalkozások helyzete, hitelkapcsolatai, tőkeellátottsága, foglalkoztatásban betöltött szerepe, egyszóval a szektor fontossága nap, mint nap gazdaságpolitikai elemzések, kutatóintézeti viták tárgya. Meglehetősen sok publikáció foglalkozik a témakörrel, s így erősen kérdéses, vajon egy más szem...

Teljes leírás

Elmentve itt :
Bibliográfiai részletek
Szerzők: Botos Katalin
Halmosi Péter
Dokumentumtípus: Könyv része
Megjelent: 2004
Sorozat:SZTE Gazdaságtudományi Kar közleményei 3
A szociális identitás, az információ és a piac 3
Kulcsszavak:Vállalkozás - vezetés
Tárgyszavak:
Online Access:http://acta.bibl.u-szeged.hu/5635
LEADER 01792naa a2200241 i 4500
001 acta5635
005 20220209123320.0
008 161015s2004 hu o 0|| hun d
022 |a 1588-8533 
040 |a SZTE Egyetemi Kiadványok Repozitórium  |b hun 
041 |a hun 
100 1 |a Botos Katalin 
245 1 2 |a A tudathasadásos kisvállalkozó  |h [elektronikus dokumentum] /  |c  Botos Katalin 
260 |c 2004 
300 |a 245-256 
490 0 |a SZTE Gazdaságtudományi Kar közleményei  |v 3 
490 0 |a A szociális identitás, az információ és a piac  |v 3 
520 3 |a A kisvállalkozások helyzete, hitelkapcsolatai, tőkeellátottsága, foglalkoztatásban betöltött szerepe, egyszóval a szektor fontossága nap, mint nap gazdaságpolitikai elemzések, kutatóintézeti viták tárgya. Meglehetősen sok publikáció foglalkozik a témakörrel, s így erősen kérdéses, vajon egy más szempontú megközelítés gyökeret ereszthet-e a hagyományos kutatási irányok mellett. A megközelítések zöme gazdasági. A kisvállalkozások versenyképességét keresik, azt, hogy vajon talpon maradhatnak-e korunk kihívásai közepette, s mennyibe kerül ez a társadalomnak. Vagyis, milyen támogatás szükséges a szektor életképességének fenntartásához, netán erősítéséhez. Viszonylag kevés elemzés olvasható viszont a szektor vállalkozóinak pszichológiai megközelítéséről. Annyira a lét a tét, hogy vajmi kevés figyelem irányul a vállalkozói lelkivilágra. Dolgozatunk tárgya éppen erre irányul. 
650 4 |a Társadalomtudományok 
650 4 |a Közgazdasági és gazdálkodástudományok 
695 |a Vállalkozás - vezetés 
700 0 1 |a Halmosi Péter  |e aut 
856 4 0 |u http://acta.bibl.u-szeged.hu/5635/1/gtk_2004_245-256.pdf  |z Dokumentum-elérés